Largest Settlements in Essex, UK - Statistics

General Stats
  • This quiz has been taken 94 times
  • The average score is 15 of 28
Answer Stats
Placename % Correct
Colchester
96%
Southend on Sea
96%
Chelmsford
94%
Basildon
83%
Clacton on Sea
81%
Braintree
75%
Brentwood
72%
Harlow
70%
Billericay
65%
Maldon
62%
Harwich
55%
Rayleigh
55%
Witham
55%
Grays
52%
Canvey Island
51%
Epping
51%
Walton on the Naze
45%
Rochford
38%
Saffron Walden
38%
Wickford
35%
Tilbury
32%
Loughton
30%
South Woodham Ferrers
29%
Halstead
25%
Stanford le Hope
23%
Waltham Abbey
22%
Chigwell
20%
South Ockendon
7%
No matching quizzes found
Score Distribution
Percent of People with Each Score
Percentile by Number Answered
Your Score History
You have not taken this quiz